The Stories Of Braj/ (Record no. 207502)

MARC details
000 -LEADER
fixed length control field 00592nam a2200193 4500
005 - DATE AND TIME OF LATEST TRANSACTION
control field 20241209153232.0
010 ## - LCCN (DPL NO)
LC control number ENG-142946
020 ## - INTERNATIONAL STANDARD BOOK NUMBER
Terms of availability 500.00
International Standard Book Number 9789393386052
035 ## - SYSTEM CONTROL NUMBER
System control number EN-126478
037 ## - SOURCE OF ACQUISITION
Source of stock number/acquisition DBAD
082 ## - DEWEY DECIMAL CLASSIFICATION NUMBER
Classification number S
100 ## - MAIN ENTRY--PERSONAL NAME
Personal name Asija, Naina
245 ## - TITLE STATEMENT
Title The Stories Of Braj/
Statement of responsibility, etc By Naina Asija
250 ## - EDITION STATEMENT
Edition statement 1
260 ## - PUBLICATION, DISTRIBUTION, ETC. (IMPRINT)
Name of publisher, distributor, etc Bluerose Publishers
Place of publication, distribution, etc Noida
Date of publication, distribution, etc 2024
270 ## - ADDRESS
Address ABL Workspaces, B-6, Amaltash Marg, Block B, Sector 4,
City Uttar Pradesh
Postal code 201301
Telephone number 8882898898
-- 4407342408967
Electronic mail address info@bluerosepublishers.com
300 ## - PHYSICAL DESCRIPTION
Extent 84p.
Dimensions 23cm(pb)
942 ## - ADDED ENTRY ELEMENTS (KOHA)
Source of classification or shelving scheme Dewey Decimal Classification
Item type English Books
Classification part S
Call number suffix ASI
Edition 1
Holdings
Withdrawn status Lost status Not for loan Collection code Home library Current library Date acquired Source of acquisition Cost, normal purchase price Full call number Barcode Copy number Cost, replacement price Koha item type
      Non-fiction R.K.Puram-8 R.K.Puram-8 09/12/2024 Delivery of Books Division 500.00 S ASI EN-126478 1 500.00 English Books

© Delhi Public Library
Hit Counter
free hit counter